Gothic architecture / (Record no. 352175)
[ view plain ]
| 000 -LEADER | |
|---|---|
| fixed length control field | 00880 a2200253 4500 |
| 003 - CONTROL NUMBER IDENTIFIER | |
| control field | OSt |
| 005 - DATE AND TIME OF LATEST TRANSACTION | |
| control field | 20180116192325.0 |
| 008 - FIXED-LENGTH DATA ELEMENTS--GENERAL INFORMATION | |
| fixed length control field | 120229t xxu||||| |||| 00| 0 eng d |
| 010 ## - LIBRARY OF CONGRESS CONTROL NUMBER | |
| LC control number | 00013153 |
| 020 ## - INTERNATIONAL STANDARD BOOK NUMBER | |
| International Standard Book Number | 0300087985 (alk. paper) |
| 020 ## - INTERNATIONAL STANDARD BOOK NUMBER | |
| International Standard Book Number | 0300087993 (pbk. : alk. paper) |
| 040 ## - CATALOGING SOURCE | |
| Transcribing agency | 0 |
| 082 00 - DEWEY DECIMAL CLASSIFICATION NUMBER | |
| Classification number | 726.5094 |
| 100 1# - MAIN ENTRY--PERSONAL NAME | |
| Personal name | Frankl, Paul, |
| 9 (RLIN) | 300 |
| 245 10 - TITLE STATEMENT | |
| Title | Gothic architecture / |
| Statement of responsibility, etc. | Paul Frankl ; revised by Paul Crossley. |
| 260 ## - PUBLICATION, DISTRIBUTION, ETC. | |
| Place of publication, distribution, etc. | New Haven, CT : |
| Name of publisher, distributor, etc. | Yale University Press, |
| Date of publication, distribution, etc. | 2000. |
| 300 ## - PHYSICAL DESCRIPTION | |
| Extent | 408 p. : |
| Other physical details | ill. (some col.), maps ; |
| Dimensions | 30 cm. |
| 440 #0 - SERIES STATEMENT/ADDED ENTRY--TITLE | |
| Title | Yale University Press Pelican history of art |
| 9 (RLIN) | 301 |
| 650 #0 - SUBJECT ADDED ENTRY--TOPICAL TERM | |
| Topical term or geographic name entry element | Church architecture |
| Geographic subdivision | Europe. |
| 9 (RLIN) | 302 |
| 650 #0 - SUBJECT ADDED ENTRY--TOPICAL TERM | |
| Topical term or geographic name entry element | Architecture, Gothic |
| Geographic subdivision | Europe. |
| 9 (RLIN) | 303 |
| 700 1# - ADDED ENTRY--PERSONAL NAME | |
| Personal name | Crossley, Paul, |
| Dates associated with a name | 1945- |
| 9 (RLIN) | 304 |
| 942 ## - ADDED ENTRY ELEMENTS (KOHA) | |
| Institution code [OBSOLETE] | SADA |
| Koha item type | Book |
| Call number prefix | 726.5094 FRA 2000 |
| Source of classification or shelving scheme | |
| Withdrawn status | Lost status | Source of classification or shelving scheme | Damaged status | Not for loan | Permanent Location | Current Location | Date acquired | Total Checkouts | Total Renewals | Full call number | Barcode | Date last seen | Date last checked out | Cost, replacement price | Price effective from | Koha item type |
|---|---|---|---|---|---|---|---|---|---|---|---|---|---|---|---|---|
| School of Art Design and Architecture (SADA) | School of Art Design and Architecture (SADA) | 09/28/2010 | 10 | 1 | 726.5094 FRA 2000 | SADA0000192 | 05/05/2016 | 05/04/2016 | 2402.00 | 08/05/2011 | Book |
